| 000 | 00907cam a22002895a 4500 | ||
|---|---|---|---|
| 001 | 18065275 | ||
| 005 | 20150622141334.0 | ||
| 008 | 140304t2014 flua frb 001 0 eng d | ||
| 020 | _a9781466554009 (hardcover : alk. paper) | ||
| 040 |
_aOU/DLC _beng _cOU _dEG-ScBUE |
||
| 082 | 0 | 4 |
_a621.38152 _bLOW _222 |
| 100 | 1 |
_aLowe, B. G. _938186 |
|
| 245 | 1 | 0 |
_aSemiconductor x-ray detectors / _cB. G. Lowe, R. A. Sareen. |
| 260 |
_aBoca Raton : _bCRC press / Taylor & Francis Group, _cc.2014. |
||
| 300 |
_axxx, 585 p. : _bill. ; _c24 cm. |
||
| 490 | 0 | _aSeries in sensors | |
| 500 | _aIndex : p. 571-585. | ||
| 504 | _aBibliography : p. 557-570. | ||
| 650 | 0 |
_aSemiconductors. _2BUEsh |
|
| 650 | 0 |
_aX-rays _xMeasurement. _2BUEsh |
|
| 650 | 0 |
_aDetectors. _2BUEsh |
|
| 651 | _2BUEsh | ||
| 653 |
_bENGGEN _cJune2015 |
||
| 655 |
_vreading book _934232 |
||
| 700 | 1 | _aSareen, R. A. | |
| 942 |
_2ddc _k621.38152 LOW |
||
| 999 |
_c19548 _d19520 |
||